Étel, ital a halottkultuszban Római kor /

This paper discusses Roman eating customs during the mourning period and memorial days. During purifying rituals, the Romans sacrificed pigs and wethers, eating the meat of the animals afterwards. At their burial feasts, the deceased was also present, eating, and drinking wine. On the ninth day afte...

Teljes leírás

Elmentve itt :
Bibliográfiai részletek
Szerző: Gáspár Dorottya
Testületi szerző: Szegedi Vallási Néprajzi Konferencia (8.) (2006) (Szeged)
Dokumentumtípus: Könyv része
Megjelent: 2009
Sorozat:Szegedi vallási néprajzi könyvtár 22
Érzékek és vallás 22
Kulcsszavak:Temetkezési szokások - ókori, Halottkultusz - ókori
Tárgyszavak:
Online Access:http://acta.bibl.u-szeged.hu/70416
LEADER 02247naa a2200289 i 4500
001 acta70416
005 20220201121321.0
008 200922s2009 hu o 0|| hun d
020 |a 978 963 482 973 7 
022 |a 1419-1288 
040 |a SZTE Egyetemi Kiadványok Repozitórium  |b hun 
041 |a hun 
041 |a eng 
100 1 |a Gáspár Dorottya 
245 1 0 |a Étel, ital a halottkultuszban   |h [elektronikus dokumentum] :  |b Római kor /  |c  Gáspár Dorottya 
260 |c 2009 
300 |a 135-141 
490 0 |a Szegedi vallási néprajzi könyvtár  |v 22 
490 0 |a Érzékek és vallás  |v 22 
520 3 |a This paper discusses Roman eating customs during the mourning period and memorial days. During purifying rituals, the Romans sacrificed pigs and wethers, eating the meat of the animals afterwards. At their burial feasts, the deceased was also present, eating, and drinking wine. On the ninth day after the burial, eggs and lentils were prepared and salted. Memorial day meals consisted of water, wine, milk, oil and honey. When lamps were lit on the graves, the dead were brought food: beans, salted lentils, fruit, eggs and bread, and the relatives and acquaintances held a memorial feast at the grave. The dead drank water, milk and honey, but were partial to wine. The role of wine was attested by the drinking vessels and glass artifacts found in the graves. The custom and the ad sanctos burial make sense in light of the life-giving power of blood and wine. The blood of martyrs had vitalizing power; if the burialtook place near a martyr, it was as if the dead were drinking wine, asif the martyr's blood coursed through them. This is akin to walking by martyrions and drinking wine; it is a salute to the martyr, whose blood gives life. The blood of the ones who have died for Christ is in fact a drink, and gives eternal life. 
650 4 |a Társadalomtudományok 
650 4 |a Szociológia 
650 4 |a Bölcsészettudományok 
650 4 |a Történettudomány és régészet 
695 |a Temetkezési szokások - ókori, Halottkultusz - ókori 
710 |a Szegedi Vallási Néprajzi Konferencia (8.) (2006) (Szeged) 
856 4 0 |u http://acta.bibl.u-szeged.hu/70416/1/szegedi_vallasi_022_135-141.pdf  |z Dokumentum-elérés